Top 100 ATP Players - Statistieken

Algemene statistieken
  • Deze quiz is 12 keer genomen
  • De gemiddelde score is 27 van 100
Antwoordstatistieken
Ranking Country Antwoord % Correct
7 Serbia Novak Djokovic
100%
3 Spain Carlos Alcaraz
82%
1 Italy Jannik Sinner
82%
2 Germany Alexander Zverev
73%
5 Norway Casper Ruud
73%
6 Russia Daniil Medvedev
73%
13 Denmark Holger Rune
73%
47 Netherlands Tallon Griekspoor
73%
63 Belgium David Goffin
64%
21 Canada Felix Auger-Aliassime
64%
16 Bulgaria Grigor Dimitrov
64%
11 Greece Stefanos Tsitsipas
64%
4 USA Taylor Fritz
64%
80 Netherlands Botic van de Zandschulp
55%
18 USA Frances Tiafoe
55%
8 Australia Alex de Minaur
45%
10 Russia Andrey Rublev
45%
14 USA Ben Shelton
45%
40 France Gael Monfils
45%
20 Poland Hubert Hurkacz
45%
12 UK Jack Draper
45%
22 Czech Republic Jiri Lehecka
45%
17 Italy Lorenzo Musetti
45%
30 Italy Matteo Berrettini
45%
56 Belgium Zizou Bergs
45%
51 Kazakhstan Alexander Bublik
36%
27 Australia Alexei Popyrin
36%
19 France Arthur Fils
36%
65 France Corentin Moutet
36%
32 Canada Denis Shapovalov
36%
26 Argentina Francisco Cerundolo
36%
46 Germany Jan-Lennard Struff
36%
24 Russia Karen Khachanov
36%
35 Italy Lorenzo Sonego
36%
45 Chile Nicolas Jarry
36%
38 Portugal Nuno Borges
36%
15 France Ugo Humbert
36%
68 China Yunchaokete Bu
36%
41 France Alexandre Muller
27%
90 Bosnia and Herzegovina Damir Dzumhur
27%
100 Serbia Dusan Lajovic
27%
89 Canada Gabriel Diallo
27%
54 Czech Republic Jakub Mensik
27%
57 Spain Jaume Munar
27%
73 Japan Kei Nishikori
27%
33 Italy Matteo Arnaldi
27%
36 Spain Pedro Martinez
27%
23 USA Sebastian Korda
27%
25 Czech Republic Tomas Machac
27%
9 USA Tommy Paul
27%
95 Russia Alexander Shevchenko
18%
76 Germany Daniel Altmaier
18%
55 Hungary Fabian Marozsan
18%
93 Italy Fabio Fognini
18%
39 Italy Flavio Cobolli
18%
29 France Giovanni Mpetshi Perricard
18%
71 Serbia Hamad Medjedovic
18%
78 Portugal Joao Fonseca
18%
37 Australia Jordan Thompson
18%
88 Hungary Marton Fucsovics
18%
53 Spain Roberto Bautista Agut
18%
86 Brazil Thiago Seyboth Wild
18%
60 Japan Yoshihito Nishioka
18%
49 China Zhizhen Zhang
18%
97 Australia Adam Walton
9%
48 Spain Alejandro Davidovich Fokina
9%
28 Chile Alejandro Tabilo
9%
34 USA Alex Michelsen
9%
61 France Arthur Rinderknech
9%
62 France Benjamin Bonzi
9%
42 USA Brandon Nakashima
9%
74 UK Cameron Norrie
9%
99 Taiwan Chun-Hsin Tseng
9%
58 China Juncheng Shang
9%
83 USA Learner Tien
9%
79 Italy Luca Nardi
9%
59 Italy Luciano Darderi
9%
70 Italy Mattia Bellucci
9%
44 Serbia Miomir Kecmanovic
9%
77 France Quentin Halys
9%
98 Belgium Raphael Collignon
9%
31 Argentina Sebastian Baez
9%
84 Australia Thanasi Kokkinakis
9%
43 Argentina Tomas Martin Etcheverry
9%
85 USA Aleksandar Kovacevic
0%
66 Australia Aleksandar Vukic
0%
69 Argentina Camilo Ugo Carabelli
0%
75 Australia Christopher O'Connell
0%
91 Italy Francesco Passaro
0%
67 Argentina Francisco Comesana
0%
92 France Hugo Gaston
0%
81 UK Jacob Fearnley
0%
87 Portugal Jaime Faria
0%
94 Australia James Duckworth
0%
96 France Lucas Pouille
0%
52 USA Marcos Giron
0%
64 Argentina Mariano Navone
0%
82 Australia Rinky Hijikata
0%
50 Spain Roberto Carballes Baena
0%
72 Russia Roman Safiullin
0%
Geen overeenkomende quizzen gevonden
Scoreverdeling
Procent van Mensen met Elke Score
Percentiel versus Aantal Correcte Antwoorden
Uw Scoregeschiedenis
U heeft deze quiz nog niet genomen